[Event "Match 82__120'/40"]
[Site "Zürich"]
[Date "2025.??.??"]
[Round "27"]
[White "Scorpio 68000 sel. 4"]
[Black "Mephisto Explorer Pro"]
[Result "1/2-1/2"]
[Annotator "14-13 for Explorer"]
[WhiteElo "2043"]
[BlackElo "2016"]
[WhiteFideId "-1"]
[BlackFideId "-1"]
[PlyCount "197"]
[GameId "544182132832"]
[EventDate "2025.10.05"]
[EventType "match"]
[EventRounds "50"]

{[%evp 0,197,13,19,19,3,0,-4,4,-16,33,36,48,12,1,-9,-11,-7,-8,3,9,51,101,-36,8,24,-1,5,15,-48,-65,-46,-26,-26,-21,-1,-27,-28,-19,-1,1,1,0,-37,-39,-62,-35,-49,-13,-65,-63,-80,-81,-58,-64,-82,-62,-75,-73,-121,-39,-126,-122,-125,-127,-125,-56,-76,-43,-68,-36,-31,-6,-11,1,-1,14,1,-1,-20,-15,-10,-5,-24,1,32767,32767,32767,24,-6,-7,-61,-58,-37,-54,-37,-17,-86,-60,-112,-104,-104,-87,-97,-113,-166,-195,-208,-161,-166,-193,-190,-113,-113,-3,-29,-27,-45,-34,-26,-42,-62,-39,-39,0,0,16,1,1,0,32,0,21,18,15,0,36,0,12,0,28,1,32767,32767,29,0,3,-1,-2,-27,-18,-13,-13,-21,-10,-8,0,-13,0,-82,-73,-59,-92,-64,-37,-32,0,0,0,0,0,0,10,0,0,0,0,0,0,0,1,1,1,0,0,0,4,-1,1,0,1,15,0,0,0,-22,2,4,0,-14]} 1. d4 {Match Nr. 82 mit 120'/40 | Bediener: Rolf Bühler | Kommentator: Kurt Utzinger | 27. Partie: Remis | Zwischenstand: 14,0-13,0 für Mephisto Explorer Pro | Stand hypothetisch: 16-11 für Mephisto Explorer Pro | Eröffnung: Damenbauer, Hodgons Angriff, 1.d4 d5 2.Lg5 c6 | Buchzüge 2 (142) von Scorpio und 1 (113) von Mephisto Explorer Pro | Partieverlauf: Ein oftmals gesehenes Bild wiederholt sich. Der Scorpio 68000 sel. 4 kommt langsam in Nöte und gerät zweimal in verlorene Stellungen. Und wieder vermag der Mephisto Explorer Pro trotz Mehrbauer in einem für beide Oldies zu schwierigen Endspiel mit KTL-KTL bei ungleichfarbigen Läufern den Sack nicht zuzumachen. Mit dem Remis darf also nur das Programm von David Kittingen zufrieden sein.} d5 $11 {***ENDE BUCH***} 2. Bg5 $11 {***ENDE BUCH***} c6 3. Nf3 Qb6 4. b3 e5 $6 {Ein überraschendes Bauernopfer in den blauen Himmel hinein.} (4... Bf5 5. e3 e6 6. Bd3 $11 {½-½ Artemiev,V (2731)-Caruana,F (2822) Bucharest Superbet blitz 2019 (2)}) (4... Bg4 5. Nbd2 Nd7 {½-½ Hodgson,J (2590)-Shirov,A (2695) Biel 1995 (1)}) 5. dxe5 Bg4 6. Nbd2 $6 {Danach kann Schwarz ausgleichen.} Bb4 7. Be3 c5 $11 8. h3 {Noch am besten.} Bxf3 9. exf3 Bc3 ({genauer} 9... Nc6 10. Be2 (10. Bf4 Nge7 $17) ({oder} 10. f4 $2 d4 $19) 10... Bc3 11. Rb1 Qa5 12. O-O Bxe5 $11) 10. Rb1 Nc6 11. Qe2 $2 $17 {Gibt den Vorteil an Schwarz ab.} ({Nach} 11. b4 $1 $14 {bleibt Weiss weiter vorne.} Qc7 (11... Bxb4 $2 12. c3 $18) (11... Nxb4 $2 12. a3 $18) (11... Nxe5 12. Bxc5 Qe6 13. Bb5+ Nc6+ 14. Qe2 $16) 12. bxc5 Qxe5) 11... d4 $15 {Sowohl 11...0-0-0 als auch 11...Sge7 wahren den Vorteil besser. Und schlagen auf e5, mit welcher Figur auch immer, ist wegen f4 +- tabu.} 12. Bf4 $15 Nge7 13. Qe4 $1 Ng6 14. Rd1 $6 $17 ({genauer} 14. Bd3 $11) 14... Nxf4 $11 {stärker ist:} (14... O-O $1 $17 15. Bc4 Kh8 16. Qf5 f6 $1 {und Schwarz steht deutlich besser.}) 15. Qxf4 $11 {Und Ld3 würde nun gewinnen.} O-O 16. Be2 Rfe8 17. O-O Nxe5 (17... Rxe5 $2 18. Nc4 Qc7 (18... g5 $2 19. Qg4 $18) 19. Nxe5 Nxe5 20. Bd3 $18) 18. Ne4 Bb4 19. Qf5 Qe6 20. Qh5 b6 21. Ng5 Qg6 {Erfolgreiche Verteidigung Schwarz} 22. f4 (22. Qxg6 {vereinfacht} Nxg6 23. Ba6 h6 24. Ne4 $11) 22... Qxh5 23. Bxh5 h6 $1 24. fxe5 hxg5 25. f4 gxf4 26. Rxf4 g6 27. Bf3 Rad8 {Verhindert Ld5} 28. a3 Bc3 29. Re4 {Der isolierte Bauer auf e5 wird nicht zu halten sein.} ({PROMENADE-avx2: 1)} 29. Be2 Rxe5 30. Bc4 Rf8 31. Rdf1 Re7 32. h4 Kg7 33. h5 gxh5 34. Rf5 h4 35. R1f4 Be1 36. Rg4+ Kh6 37. Rf6+ Kh5 38. Rg7 Bg3 39. Bxf7+ Rfxf7 40. Rfxf7 Re1+ 41. Rf1 Re2 42. Rf8 Kh6 43. Rg4 Re1+ 44. Rf1 Re7 45. a4 Kh5 46. Rg8 Re2 47. Rf5+ Kh6 48. Rd8 Rxc2 49. Kf1 Kg6 50. Rdf8 Rd2 51. R8f6+ Kg7 52. Rf7+ Kg8 53. Rf8+ Kh7 54. R8f7+ Kg6 {[%eval 0,70] [%wdl 5,990,5]}) ({PROMENADE-avx2: 2)} 29. a4 Rxe5 30. Re4 Rxe4 31. Bxe4 c4 32. bxc4 Re8 33. Bf3 Re5 34. Kf2 Rc5 35. Bd5 Rc7 36. Rb1 Kg7 37. g4 Re7 38. h4 a5 39. Bf3 Bb4 40. Be2 Re4 41. Rd1 Bc5 42. Rd3 f6 43. Kf1 Rf4+ 44. Kg2 Bb4 45. h5 Re4 46. Kf3 Re5 47. hxg6 {[%eval -3,69] [%wdl 4,991,5]}) 29... Rd7 30. g3 Rde7 31. e6 Rxe6 32. Rxe6 fxe6 {[#] Endspiel KTL-KTL. Schwarz hat einen Mehrbauern. Wegen der ungleichfarbigen Läufer lässt sich dieser Vorteil nicht verwerten, zumal Weiss auf der h-Linie selbst noch einen Freibauern bilden kann.} 33. Kg2 Kg7 34. h4 e5 35. Be4 Rf8 36. Rh1 ({oder} 36. Rf1 Rxf1 37. Kxf1 b5 38. g4 c4 39. a4 bxa4 40. bxa4 Kf6 41. Ke2) 36... Rf7 37. h5 gxh5 38. Rxh5 Kf6 39. Rh6+ Ke7 40. Rh5 Kd6 41. Rh6+ Kd7 42. Bd5 Re7 43. Kf3 Rg7 44. Re6 Rf7+ 45. Ke4 Rf2 46. Rg6 Rxc2 47. Bc4 Rg2 48. Bb5+ Ke7 49. Rg5 Kf6 50. Rf5+ Kg6 51. Be8+ Kg7 {Bislang hat Weiss fehlerfrei agiert.} {[#]} 52. Rf7+ $2 {[%mdl 32768] Nun kommt der Scorpio 68000 sel. 4 aber vom richtigen Weg ab und gerät in Verlustgefahr.} (52. Rg5+ $1 $11 {war der einzige Weg, das Gleichgewicht zu halten.} Kf6 53. Rf5+ Kg7 54. Rg5+ {und es geht für Schwarz nicht weiter.}) 52... Kh8 $2 {Schwarz vermasselt seinen Vorteil fast völlig. Er hätte mit 52...Kg8 fortsetzen sollen.} (52... Kg8 $1 53. Rd7 Rxg3 54. Bf7+ Kg7 55. Kxe5 Re3+ 56. Kf4 Bd2 57. Kg4 Re4+ 58. Kg3 Kf6 59. Bc4 b5 $5 60. Bxb5 Re3+ 61. Kg4 Rxb3 62. a4 Bc1 63. Rxa7 d3 64. Rd7 d2 65. Be2 Rb4+ {und langfristig müsste sich Schwarz durchsetzen.}) 53. Rf8+ $2 {Nicht am besten, so dass Schwarz wieder das Zepter übernehmen kann.} (53. Bb5 $15 Rxg3 54. Rf3 Rxf3 55. Kxf3 {und selbst diese Stellung mit drei schwarzen Mehrbauern ist der ungleichfarbigen Läufer wegen nicht zu gewinnen.} Kg7 56. Ke4 Kf6 57. a4 Be1 58. Bc4 Bg3 59. Ba6 Ke6 60. Bc4+ Kd6 61. Bb5 Kc7 62. Ba6 Kc6 63. Bb5+ Kb7 64. Kf3 Bf4 65. Ke4 a6 66. Bc4 $11) 53... Kg7 $19 54. Rf7+ $19 Kh6 $2 $15 {Auch hier war der Königszug nach g8 deutlich stärker.} (54... Kg8 $1 55. Rd7 (55. Rxa7 Rxg3 (55... Re2+ 56. Kf5 $17) 56. Bf7+ Kh8 57. Ra8+ Kh7 58. Kxe5 d3+ 59. Ke4 Bd4) 55... Kf8 56. Bh5 Rxg3 57. Kxe5 {-+ 2.36(0%)/45 und Weiss kann die Stellung wohl nicht mehr halten.}) {[#]} 55. Rxa7 $2 $19 {[%mdl 32768] Weiss ***VERLIERT***} ({Günstiger ist} 55. Rf6+ $15 Kh7 56. Bb5 Kg7 {und Schwarz steht nur etwas besser.}) 55... Ba5 $2 $11 {Verpasst den Sieg.} (55... Rxg3 $19 56. Rd7 Re3+ 57. Kf5 d3 {und gewinnt}) 56. Rb7 $11 {Die Stellung ist wieder ausgeglichen.} Kg5 {Es gibt diverse gleichwertige Alternativen:} (56... Re2+ $11) (56... Rb2 $11) (56... d3 $11) 57. Bb5 {Pariert Te2.} (57. Kxe5 $4 Re2+ 58. Kd5 Rxe8 $19) 57... Ra2 ({oder} 57... Rxg3 58. Rg7+ Kh4 59. Rxg3 Kxg3 60. b4 cxb4 (60... Bxb4 61. axb4 cxb4 62. Kxe5 b3 63. Kxd4 b2 64. Bd3 $11) 61. axb4 Bxb4 62. Kxe5 $11) 58. b4 {Ablenkung} cxb4 59. axb4 Bxb4 60. Rxb6 Be1 61. Kxe5 Bxg3+ 62. Ke4 {Nun ist das Remis offensichtlich.} Rd2 63. Bd3 Bf2 64. Ra6 Rb2 65. Bc4 Be3 66. Bf7 Rf2 67. Rg6+ Kh5 68. Rg7+ Kh4 69. Be6 Rd2 70. Kf3 Rd1 71. Rg4+ Kh5 72. Bf7+ Kh6 73. Rg6+ Kh7 74. Ke4 Rf1 75. Be8 Re1 76. Kd3 Bh6 77. Bf7 Re3+ 78. Kc4 Rc3+ 79. Kd5 d3 80. Rg1 d2 81. Bh5 Rc1 82. Bd1 Be3 83. Rf1 Kg6 84. Ke4 Bb6 85. Kd3 Ba5 86. Ke4 Bd8 87. Ke3 Bg5+ 88. Kd3 Bh6 89. Ke4 Rc4+ 90. Kd3 Rc5 91. Bc2 Rc6 92. Rf3 Kg5 93. Bd1 {Man könnte die Partie aber auch noch verlieren, s. Variante.} (93. Kxd2 $4 {verliert} Kg4+ 94. Ke2 (94. Kd3 Kxf3 $19) 94... Rxc2+ 95. Kd3 Rd2+ 96. Ke4 Re2+ 97. Kd3 Kxf3 $19) 93... Rd6+ 94. Kc2 Kg6 95. Kc3 Rc6+ 96. Kb2 Bg7+ 97. Kb3 Rb6+ 98. Kc2 Bh6 99. Kc3 {***REMIS ABGEBROCHEN***.} 1/2-1/2

[Event "Match 82__120'/40"]
[Site "Zürich"]
[Date "2025.??.??"]
[Round "28"]
[White "Mephisto Explorer Pro"]
[Black "Scorpio 68000 sel. 4"]
[Result "0-1"]
[Annotator "14-14 Ausgleich"]
[WhiteElo "2016"]
[BlackElo "2043"]
[WhiteFideId "-1"]
[BlackFideId "-1"]
[PlyCount "113"]
[GameId "544182132833"]
[EventDate "2025.10.05"]
[EventType "match"]
[EventRounds "50"]

{[%evp 0,112,10,15,15,-10,-3,-3,14,0,20,28,10,-9,-6,-21,2,-18,-23,32767,-26,-37,-8,-27,-3,-2,17,-1,40,-5,3,-62,-22,-22,-13,-8,-12,-18,1,-6,10,-1,14,9,35,27,48,49,81,43,48,36,44,27,34,19,27,14,21,14,47,48,26,1,10,-6,2,-10,-1,-24,29,-3,-5,1,5,-1,24,-10,-1,-12,-14,7,72,110,132,107,404,129,90,122,166,217,273,-604,-640,-584,-638,-636,-632,-613,-677,-644,-634,-621,-635,-620,-672,-992,-649,-717,-627,-733,-1002,-1002,-1002]} 1. d4 {Match Nr. 82 mit 120'/40 | Bediener: Rolf Bühler | Kommentator: Kurt Utzinger | 28. Partie: Schwarz (Scorpio 68000 sel. 4) gewinnt | Zwischenstand: 14,0-14,0 Ausgleich | Stand hypothetisch: 17-11 für Mephisto Explorer Pro | Eröffnung: Hybrid Katalanisch (g3/Lg2) und abgelehntes Damengambit mit c3 oder Damenindisch ohne c2-c4 | Buchzüge 1 (143) von Scorpio und 2 (115) von Mephisto Explorer Pro | Partieverlauf: Es hätte die beste fehlerfrei gespielte Partie werden können. Aber es hat nicht sollen sein. Einmal mehr findet das Drama in einem Turmendspiel statt. Mit 40...Td3+? tauscht der Scorpio 68000 sel. 4 in ausgeglichener Stellung die Türme. Damit wickelt er aber in ein verlorenes Bauernendspiel ab. Nach 45...e5 und mitten im Siegestaumel verkennt dann der Mephisto Explorer Pro die Situation völlig. Das Programm von Frans Morsch könnte durch den sofortigen Bauerntausch 46.fxe5 einem ungefährdeten Sieg entgegen gehen. Indessen folgt vorerst der Bauernschnapp 46.Kxa4?. Das jedoch führt zu einem verlorenen Bauernendspiel, nur dieses Mal für Weiss.} d5 $11 {***ENDE BUCH***} 2. g3 $11 {***ENDE BUCH***} Nf6 3. Bg2 e6 4. Nf3 Be7 5. O-O O-O 6. Bg5 Nbd7 7. c3 {Ein zurückhaltender, aber fester Aufbau.} (7. c4 {führt noch immer in die Bahnen von Katalanisch.}) 7... b6 8. Re1 {Offenbar stellt sich Weiss auf e2-e4 ein.} c5 9. Nbd2 Bb7 10. Qa4 {Ein substanzloses Damenmanöver. Weiss setzt seine Dame einzig dem Angriff durch ...a6 und dann ...b5 aus. Jedenfalls waren 10.Se5 oder 10.a4 zu bevorzugen.} Re8 {Auch nicht das Gelbe vom Ei.} ({Besser} 10... h6 11. Bxf6 Bxf6 12. e4 $11) 11. Rad1 Bf8 {Kein Fehler, aber ein komischer Zug, der sich unter den 8 besten Fortsetzungen der Engine nicht finden lässt.} 12. e4 cxd4 $6 {Zwei andere Fortsetzungen gewähren Ausgleich:} ({A)} 12... dxe4 13. Nxe4 b5 14. Qxb5 Bxe4 15. Rxe4 Qb6 $11) ({B)} 12... h6 13. Bxf6 Nxf6 14. dxc5 (14. exd5 exd5 15. Nf1 $11) (14. e5 Nd7 $11) 14... bxc5 15. exd5 exd5 16. Rxe8 Qxe8 17. Qxe8 Rxe8 $11) 13. Nxd4 {Nur mit dem äusserst komplizierten 13.e5! war noch geringer Vorteil zu erlangen.} (13. e5 $1 h6 14. Bh4 dxc3 15. bxc3 Nc5 16. Qc2 g5 17. Bxg5 hxg5 18. Nxg5 Bg7 19. Nc4 (19. exf6 Qxf6 $11) 19... Bh6 $1 20. Nxf7 $1 Kxf7 21. Nd6+ Kg7 22. exf6+ Qxf6 $8 23. Bxd5 $1 Bxd5 24. Nxe8+ Rxe8 25. Rxd5 $14) 13... dxe4 14. Bxe4 ({oder} 14. Nxe4 Bxe4 15. Bxe4 Nc5 16. Qc2 Ncxe4 17. Rxe4 h6 18. Bxf6 Qxf6 $11) 14... Qc8 15. Bf3 ({Zu bevorzugen ist} 15. Bxb7 {oder Sxf6+ Sxf6, Lxb7 Dxb7, was Zugsumstellung ist} Qxb7 16. Bxf6 Nxf6 17. Nc4 a6 18. Qc6 Qxc6 19. Nxc6 $11) 15... h6 $11 (15... Nd5 $15) 16. Bxb7 Qxb7 17. Bxf6 Nxf6 18. Nc4 a6 19. Qc6 Qxc6 20. Nxc6 Nd5 21. Ne3 {Das starke Ross im Zentrum soll verschwinden.} Nxe3 22. Rxe3 Rac8 23. Ne5 Rc5 {Damit wird die Harmonie des schwarzen Spiels geringfügig gestört.} (23... a5 24. Rd7 Re7 25. Red3 a4 26. R7d4 Ra7 $11) (23... f6 24. Nd7 Rc6 25. Nxf8 Kxf8 26. Red3 Re7 $11) (23... Red8 24. Red3 Rxd3 25. Rxd3 a5 26. Rd7 a4 27. Nxf7 (27. Rxf7 $2 Bd6 $19) 27... a3 28. bxa3 Rxc3 $11) 24. Nd7 Ra5 {Kein Halsbruch, aber Schwarz stellt den Turm etwas ins Abseits und bringt das bisher gute Zusammenspiel seiner beiden Türme leicht ins Wanken. Der Turm hätte auf der c-Linie besser gedient.} (24... Rc6 25. Nxf8 Kxf8 26. Rd7 g6 27. Red3 b5 28. Kf1 Re7 29. Rd8+ Kg7 30. Rb8 h5 $11) (24... Rc7 25. Red3 b5 26. Nxf8 Kxf8 27. Rd6 Ra8 28. Rb6 Ke7 29. Rdd6 a5 30. Rd4 b4 $11) 25. a3 Rf5 26. b4 {Positionell nicht am besten, kann nun Schwarz doch mit seinem nächsten Zug den Vormarsch der beiden weissen Bauern auf der a- und c-Linie erschweren.} (26. Re5 $14) 26... b5 $11 27. Nxf8 Kxf8 28. Rd6 Ra8 29. Red3 Re5 30. Kf1 Ra7 31. f3 Ke7 32. Kf2 a5 33. f4 Rh5 34. h4 a4 35. R6d4 Rc7 36. Re3 Rd7 37. Rxd7+ Kxd7 38. c4 bxc4 39. Rc3 Rd5 40. Ke3 $11 {[#]} Rd3+ $2 $18 {[%mdl 32768] Schwarz ***VERLIERT*** Nachdem bis und mit 40.Ke3 unsere beiden Oldies eine für ihr Niveau erstklassige Partie geliefert haben, tut es fast weh, ansehen zu müssen, wie der Scorpio 68000 sel. 4 mit diesem Fehler seine Partie bei ausgeglichener Stellung in den Sand setzt.} ({Stockfish 17.1: 1)} 40... Rd1 {0.00(50%)/76} 41. Rxc4 Rg1 42. Kf3 Rb1 43. Rc3 Rb3 44. Re3 Kc6 45. Ke4 Rb2 46. Kd4 Rb1 47. h5 Kb6 48. Ke5 Rb2 49. Kd6 Rb3 50. Re5 Rxa3 51. Ra5 Rxg3 52. Rxa4 Rg4 53. Ra8 Rxf4 54. Rb8+ Ka7 55. Rg8 Rg4 56. Rf8 Kb6 57. Rxf7 Rxb4 58. Kxe6 Kc6 59. Rf5 Rg4 60. Kf7 Kd6 61. Kf8 Rg3 62. Ra5 Ke6 63. Ra7 Rg5 64. Rxg7 {[%eval 0,76] [%wdl 3,994,3]}) ({Stockfish 17.1: 2)} 40... g5 {0.00(50%)/76} 41. fxg5 hxg5 42. Rxc4 gxh4 43. Rxh4 Re5+ 44. Kd3 Kc6 45. Re4 Rf5 46. Kc4 Rf3 47. b5+ Kb6 48. Kb4 Rb3+ 49. Kxa4 Rxb5 50. g4 Rb1 51. Rb4+ Rxb4+ 52. Kxb4 {[%eval 0,76] [%wdl 3,994,3]}) 41. Rxd3+ cxd3 42. Kxd3 Kc6 43. Kc4 f6 44. b5+ Kb6 45. Kb4 {Das Drama in dieser Partie ist noch nicht zu Ende.} e5 $18 {[#]} 46. Kxa4 $2 $19 {[%mdl 32768] Weiss ***VERLIERT*** und macht aus seiner Gewinnstellung auf einen Schlag das Gegenteil. Notwendig war vorerst der Bauerntausch auf e5 und Weiss gewinnt.} ({Stockfish 17.1:} 46. fxe5 $1 {+- (#26) (100% +100% =0% -0%)} fxe5 47. Kxa4 e4 48. Kb3 e3 (48... Kxb5 49. Kc3 e3 50. Kd3 e2 51. Kxe2 Ka4 52. h5 $18) 49. Kc3 e2 50. Kd2 e1=Q+ 51. Kxe1 Kxb5 52. h5 Ka4 53. Kd2 Kxa3 54. Ke3 Kb4 55. Ke4 Kc5 56. Kf5 Kd5 57. Kg6 Kd6 58. Kxg7 Ke5 59. Kxh6 Kf6 60. g4 Kf7 61. Kg5 Kg7 62. Kf5 Kf7 63. h6 Kg8 64. g5 Kh7 65. Kf6 Kg8 66. g6 Kh8 67. Ke6 Kg8 68. g7 Kh7 69. Kf7 Kxh6 70. g8=Q Kh5 71. Qg3 Kh6 72. Qh4# {[%eval 32714,81] [%wdl 1000,0,0]}) 46... exf4 47. gxf4 g5 $1 {[%csl Gc1,Gc2,Gc3,Gc4,Gc5,Gd1,Gd5,Ge1,Ge5,Gf1,Gf5,Gg1,Gg2,Gg3,Gg4] Der einzige Gewinnzug. Der Vormarsch dieses Bauern kann nicht mehr gestoppt werden. Denn der weisse König befindet sich einen Schritt zu weit ausserhalb des Quadrats g5-c5-c1-g1. Mit dem weissen König auf b4 statt a4 wäre es Remis.} 48. hxg5 hxg5 $1 {Schwarz macht es richtig.} ({Aber nicht} 48... h5 $4 49. gxf6 $18 {Weiss gewinnt}) ({Auch nicht} 48... fxg5 $4 49. f5 $18 {Weiss gewinnt}) 49. fxg5 fxg5 50. Kb4 g4 51. a4 g3 52. a5+ Ka7 53. Kc5 g2 54. Kc4 ({oder} 54. b6+ Ka6 55. Kc6 g1=Q 56. b7 Qg2+ 57. Kd6 Qxb7 $19) 54... g1=Q 55. Kd5 Qa1 56. a6 Qd1+ 57. Kc5 {***AUFGEGEBEN***} 0-1